| 000 | 01042nam a22002897a 4500 | ||
|---|---|---|---|
| 001 | 7106 | ||
| 003 | FISKH | ||
| 005 | 20250623154628.0 | ||
| 008 | 250623b cb ||||| |||| 00| 0 eng d | ||
| 020 | _a9780531265604 | ||
| 040 |
_aFISKH _beng _cFISKH _dFISKH |
||
| 050 | _aHB3743 .H45 | ||
| 082 | _a 330.973 | ||
| 100 | _aHeinrichs, Ann | ||
| 245 |
_aThe great recession / _cBy Ann Heinrichs |
||
| 260 |
_aNew York : _bChildren's Press , _c2012. |
||
| 300 |
_a64 pages : _bcolor illustrations ; _c23 cm . |
||
| 490 | _aCornerstones of Freedom | ||
| 505 | _aZ | ||
| 520 | _aProvides a simple explanation of the great recession, covering the roles played by Wall Street, the mortgage industry, the U.S. government, and leading financial institutions. | ||
| 521 | 8 |
_a980
_bLexile |
|
| 521 | 8 |
_aZ
_bRaz-Plus |
|
| 650 |
_aFinancil cries-United States-History-21st Century _vJuvenile Literature |
||
| 650 |
_aRecessions-United States -History-21st Century _vJuvenile Literature |
||
| 942 |
_2ddc _cBK _n0 |
||
| 999 |
_c7106 _d7106 |
||